Počítačové výukové programy a metodika jejich tvorby

Guardado en:
Detalles Bibliográficos
Formato: Libro
Lenguaje:checo
Publicado: Praha Ústav školských informací 1988
Etiquetas: Agregar Etiqueta
Sin Etiquetas, Sea el primero en etiquetar este registro!

MARC

LEADER 00000nam a2200000 4500
001 c040673
005 20251111091924.4
041 0 |a cze 
044 |a CZ 
245 1 0 |a Počítačové výukové programy a metodika jejich tvorby 
264 1 |a Praha  |b Ústav školských informací  |c 1988 
300 |a 118 s.